000 01078nam a2200277Ia 4500
003 OSt
005 20220923211033.0
006 a|||||r|||| 00| 0
007 ta
008 220922b |||||||| |||| 00| 0 pan d
020 _a8171428932
_c350
024 _a260,648
037 _b532, 02/12/2011, H.K. Prakashan
_cTextual
040 _aARTS
_cARTS
_bpan
041 _2pan
_apan
082 _aY73(P153):351, 153P9
100 _aਬਿਰਦੀ, ਮਹਿੰਦਰ ਸਿੰਘ
_9157411
245 0 _aਪੰਜਾਬੀ ਦੇ ਲੋਕ ਗੀਤਾਂ ਵਿੱਚ ਪੰਜਾਬੀ ਸਭਿਆਚਾਰ ਦਾ ਚਿਤ੍ਰਣ
260 _aਚੰਡੀਗੜ
_b ਲੋਕਗੀਤ ਪ੍ਰਕਾFਨ
_c2009
300 _a308ਪੰ
_ccm.
650 _a ਲੋਕ ਗੀਤ
_9157412
650 _a ਲੋਕ ਧਾਰਾ
_9157413
650 _aਸਮਾਜ ਵਿਗਿਆਨ
_9156353
942 _hY73(P153):351, 153P9
_cTEXL
_2CC
999 _c294305
_d294305